[Event "Titled Tuesday intern op 16th Apr Early"]
[Site "Chess.com INT"]
[Date "2024.04.16"]
[Round "8"]
[White "Martinez Alcantara, Jose Eduardo"]
[Black "Steinberg, Nitzan"]
[Result "1/2-1/2"]
[WhiteElo "2603"]
[BlackElo "2554"]
[PlyCount "53"]
[EventDate "2024.04.16"]
[EventType "swiss (blitz)"]
[EventRounds "11"]
[EventCountry "USA"]
[SourceTitle "CB17_2024"]
[SourceDate "2024.04.24"]
[SourceVersion "1"]
[SourceVersionDate "2024.04.24"]
[SourceQuality "1"]

1. e4 c5 2. Nf3 d6 3. c3 Nf6 4. h3 g6 5. Bd3 Bg7 6. Bc2 0-0 7. 0-0 b5 8. d4 Bb7 9. Re1 Nc6 10. Nbd2 cxd4 11. cxd4 Rc8 12. a3 Qb6 13. Nb3 Na5 14. Nbd2 Rfd8 15. Bd3 a6 16. Nf1 d5 17. e5 Ne4 18. Ne3 Nc4 19. Qe2 f6 20. Ng4 h5 21. Nh6+ Kh7 22. Nf7 Rf8 23. e6 Kg8 24. Nh6+ Kh7 25. Nf7 Kg8 26. Nh6+ Kh7 27. Nf7 1/2-1/2

[Event "Titled Tuesday intern op 16th Apr Early"]
[Site "Chess.com INT"]
[Date "2024.04.16"]
[Round "9"]
[White "Steinberg, Nitzan"]
[Black "Paravyan, David"]
[Result "1-0"]
[WhiteElo "2554"]
[BlackElo "2606"]
[PlyCount "75"]
[EventDate "2024.04.16"]
[EventType "swiss (blitz)"]
[EventRounds "11"]
[EventCountry "USA"]
[SourceTitle "CB17_2024"]
[SourceDate "2024.04.24"]
[SourceVersion "1"]
[SourceVersionDate "2024.04.24"]
[SourceQuality "1"]

1. e4 e5 2. Nf3 Nf6 3. Nxe5 d6 4. Nf3 Nxe4 5. Nc3 Nxc3 6. dxc3 Be7 7. Be3 0-0 8. Qd2 Nd7 9. 0-0-0 c6 10. h4 Nf6 11. Bd3 d5 12. Ng5 h6 13. f3 c5 14. Kb1 c4 15. Be2 b5 16. g4 a5 17. Nh3 b4 18. g5 Nh5 19. gxh6 g6 20. Nf4 Nxf4 21. Bxf4 Bf6 22. Qxd5 Qxd5 23. Rxd5 bxc3 24. Bxc4 Be6 25. Rd6 cxb2 26. Bxe6 fxe6 27. Rxe6 a4 28. a3 Kh7 29. Rd1 Ra7 30. Bg5 Bh8 31. Rd3 Rc8 32. Rde3 Rcc7 33. c4 Bd4 34. Re7+ Rxe7 35. Rxe7+ Rxe7 36. Bxe7 Kxh6 37. c5 Be5 38. Bd6 1-0

[Event "Titled Tuesday intern op 12th Mar Early"]
[Site "Chess.com INT"]
[Date "2024.03.12"]
[Round "2"]
[White "Borgaonkar, Akshay"]
[Black "Steinberg, Nitzan"]
[Result "1/2-1/2"]
[WhiteElo "2372"]
[BlackElo "2553"]
[PlyCount "64"]
[EventDate "2024.03.12"]
[EventType "swiss (blitz)"]
[EventRounds "11"]
[EventCountry "USA"]
[SourceTitle "CB12_2024"]
[SourceDate "2023.10.01"]
[SourceVersion "1"]
[SourceVersionDate "2023.10.01"]
[SourceQuality "1"]

1. e4 c5 2. Nf3 d6 3. d4 cxd4 4. Nxd4 Nf6 5. Nc3 g6 6. f4 Bg7 7. e5 Nh5 8. Bb5+ Bd7 9. e6 Bxb5 10. exf7+ Kxf7 11. Ndxb5 Nf6 12. 0-0 Qb6+ 13. Kh1 a6 14. Nd4 Nc6 15. Be3 Qxb2 16. Qd3 Rac8 17. Qc4+ d5 18. Nxd5 Nxd4 19. Nc7+ Kf8 20. Bxd4 Rxc7 21. Qxc7 Qxd4 22. Rad1 Qb4 23. c3 Qa3 24. Rfe1 Kf7 25. Qc4+ Kf8 26. Rd8+ Ne8 27. Rxe8+ Kxe8 28. Qc8+ Kf7 29. Qe6+ Kf8 30. Qc8+ Kf7 31. Qe6+ Kf8 32. Qc8+ Kf7 1/2-1/2

[Event "Titled Tuesday intern op 12th Mar Early"]
[Site "Chess.com INT"]
[Date "2024.03.12"]
[Round "4"]
[White "Godzwon, Iwo"]
[Black "Steinberg, Nitzan"]
[Result "0-1"]
[WhiteElo "2398"]
[BlackElo "2553"]
[PlyCount "110"]
[EventDate "2024.03.12"]
[EventType "swiss (blitz)"]
[EventRounds "11"]
[EventCountry "USA"]
[SourceTitle "CB12_2024"]
[SourceDate "2023.10.01"]
[SourceVersion "1"]
[SourceVersionDate "2023.10.01"]
[SourceQuality "1"]

1. e4 e5 2. Nf3 Nc6 3. Bb5 Nf6 4. d3 d6 5. 0-0 g6 6. Nbd2 Bg7 7. Re1 0-0 8. c3 Bd7 9. Nf1 Nh5 10. Ng3 Nxg3 11. hxg3 h6 12. d4 Nxd4 13. cxd4 Bxb5 14. dxe5 dxe5 15. Qb3 Bc6 16. Bd2 a5 17. Bc3 Qe7 18. Rad1 Rfd8 19. Qc4 Rxd1 20. Rxd1 Qe8 21. b3 Kh7 22. Qc5 f6 23. Qc4 Qg8 24. Qc5 Bf8 25. Qe3 Qe6 26. Nd2 a4 27. Nc4 b6 28. Kh2 Bc5 29. Qe2 Bb5 30. f3 Kg7 31. Bd2 g5 32. Rc1 Rd8 33. Be3 Bd4 34. g4 c5 35. Bd2 Ra8 36. Qd3 Rh8 37. bxa4 Bxa4 38. Ne3 h5 39. Nf5+ Kg6 40. gxh5+ Rxh5+ 41. Kg3 Rh8 42. Be3 Bd7 43. Bxd4 exd4 44. Kf2 Qe5 45. Ng3 b5 46. Ne2 Ra8 47. Rc2 Be6 48. Qxb5 c4 49. Qb7 Rc8 50. Rc1 c3 51. Qa6 Rd8 52. Qd3 Qc5 53. Kg3 Bc4 54. Rxc3 Bxd3 55. Rc4 Bxc4 0-1

[Event "Titled Tuesday intern op 12th Dec Early"]
[Site "Chess.com INT"]
[Date "2023.12.12"]
[Round "4"]
[White "Steinberg, Nitzan"]
[Black "Andreikin, Dmitry"]
[Result "1/2-1/2"]
[WhiteElo "2551"]
[BlackElo "2729"]
[PlyCount "39"]
[EventDate "2023.12.12"]
[EventType "swiss (blitz)"]
[EventRounds "11"]
[EventCountry "USA"]
[SourceTitle "CB51_2023"]
[SourceDate "2023.12.20"]
[SourceVersion "1"]
[SourceVersionDate "2023.12.20"]
[SourceQuality "1"]

1. e4 c5 2. Nf3 e6 3. d4 cxd4 4. Nxd4 a6 5. Be2 Nf6 6. Nc3 Qc7 7. 0-0 Nc6 8. Be3 Be7 9. f4 d6 10. Qe1 0-0 11. Kh1 Nxd4 12. Bxd4 b5 13. a3 Bb7 14. Qg3 Rad8 15. Rae1 Qd7 16. Bd3 Nh5 17. Qg4 Nf6 18. Qg3 Nh5 19. Qg4 Nf6 20. Qg3 1/2-1/2

[Event "Titled Tuesday intern op 14th Nov Early"]
[Site "Chess.com INT"]
[Date "2023.11.14"]
[Round "9"]
[White "Galchenko, Matvey"]
[Black "Steinberg, Nitzan"]
[Result "1-0"]
[WhiteElo "2438"]
[BlackElo "2551"]
[PlyCount "93"]
[EventDate "2023.11.14"]
[EventType "swiss (blitz)"]
[EventRounds "11"]
[EventCountry "USA"]
[SourceTitle "CB47_2023"]
[SourceDate "2023.11.22"]
[SourceVersion "1"]
[SourceVersionDate "2023.11.22"]
[SourceQuality "1"]

1. e4 c5 2. c3 d5 3. exd5 Nf6 4. Qa4+ Nbd7 5. Qb3 Nb6 6. c4 e6 7. dxe6 Bxe6 8. d3 Bd6 9. Be2 0-0 10. Nf3 Re8 11. Nc3 h6 12. 0-0 Bf5 13. Re1 a6 14. h3 Qc7 15. Be3 Rad8 16. d4 Nbd7 17. d5 Rxe3 18. fxe3 Re8 19. Bf1 Bg3 20. Red1 Rxe3 21. d6 Qb8 22. Rd2 Bxd6 23. Qd1 Bf4 24. Nd5 Re8 25. Nxf4 Qxf4 26. Re2 Ne4 27. Qc1 Qc7 28. Qe1 Ndf6 29. Rd1 Kh7 30. Re3 Qf4 31. Bd3 g6 32. Bxe4 Nxe4 33. Nd2 h5 34. Nxe4 Bxe4 35. Qf2 Qxf2+ 36. Kxf2 Re7 37. g4 hxg4 38. hxg4 Kg7 39. g5 f5 40. gxf6+ Kxf6 41. Rde1 Kf5 42. Kg3 g5 43. b3 b6 44. Kf2 Kf4 45. Rf3+ Ke5 46. Rxe4+ Kxe4 47. Re3+ 1-0

[Event "Titled Tuesday intern op 14th Nov Early"]
[Site "Chess.com INT"]
[Date "2023.11.14"]
[Round "10"]
[White "Steinberg, Nitzan"]
[Black "Sokolovsky, Yahli"]
[Result "1-0"]
[WhiteElo "2551"]
[BlackElo "2442"]
[PlyCount "69"]
[EventDate "2023.11.14"]
[EventType "swiss (blitz)"]
[EventRounds "11"]
[EventCountry "USA"]
[SourceTitle "CB47_2023"]
[SourceDate "2023.11.22"]
[SourceVersion "1"]
[SourceVersionDate "2023.11.22"]
[SourceQuality "1"]

1. Nf3 g6 2. e4 Bg7 3. d4 d6 4. Nc3 a6 5. h4 h6 6. h5 g5 7. Be3 b5 8. a4 b4 9. Nb1 Bb7 10. Nbd2 Nf6 11. Bd3 Ng4 12. c3 bxc3 13. bxc3 Nd7 14. a5 c5 15. Qe2 cxd4 16. cxd4 Nc5 17. Bc2 0-0 18. Rb1 Nxe3 19. Qxe3 Rc8 20. dxc5 Rxc5 21. Bd3 Bc8 22. Nb3 Rc3 23. Nfd4 Qc7 24. 0-0 Qd8 25. Rfc1 Rxc1+ 26. Rxc1 e5 27. Nc6 Qe8 28. Nd2 Bd7 29. Nb4 Bb5 30. Nd5 Bxd3 31. Qxd3 Qe6 32. Rc7 f5 33. exf5 Qe8 34. f6 Bxf6 35. Qh7# 1-0

[Event "Titled Tuesday intern op 27th Jun Early"]
[Site "Chess.com INT"]
[Date "2023.06.27"]
[Round "5"]
[White "Jaracz, Pawel"]
[Black "Steinberg, Nitzan"]
[Result "1/2-1/2"]
[WhiteElo "2472"]
[BlackElo "2543"]
[PlyCount "43"]
[EventDate "2023.06.27"]
[EventType "swiss (blitz)"]
[EventRounds "11"]
[EventCountry "USA"]
[SourceTitle "EXT 2024"]
[Source "ChessBase"]
[SourceDate "2023.10.10"]
[SourceVersion "1"]
[SourceVersionDate "2023.10.10"]
[SourceQuality "1"]

1. e4 c5 2. Nf3 e6 3. d4 cxd4 4. Nxd4 Nc6 5. Nc3 Qc7 6. Be2 a6 7. 0-0 Nf6 8. Be3 Be7 9. f4 d6 10. Qe1 0-0 11. Qg3 Bd7 12. Nf3 d5 13. e5 Ne4 14. Nxe4 dxe4 15. Ng5 Nb4 16. Nxe4 Bc6 17. Bd3 Nxd3 18. cxd3 Rfd8 19. Rad1 Bxe4 20. dxe4 Qc2 21. Qf3 Qxd1 22. Rxd1 1/2-1/2

[Event "Titled Tuesday intern op 16th May Early"]
[Site "Chess.com INT"]
[Date "2023.05.16"]
[Round "2"]
[White "Hnydiuk, Aleksander"]
[Black "Steinberg, Nitzan"]
[Result "0-1"]
[WhiteElo "2363"]
[BlackElo "2546"]
[PlyCount "82"]
[EventDate "2023.05.16"]
[EventType "swiss (blitz)"]
[EventRounds "11"]
[EventCountry "USA"]
[SourceTitle "CBM 214 Extra"]
[Source "ChessBase"]
[SourceDate "2023.07.31"]
[SourceVersion "1"]
[SourceVersionDate "2023.07.31"]
[SourceQuality "1"]

1. Nf3 g6 2. c4 Bg7 3. d4 d6 4. Nc3 Bg4 5. g3 Bxf3 6. exf3 Nc6 7. Be3 e5 8. d5 Nce7 9. h4 Nf6 10. Bh3 0-0 11. 0-0 Nd7 12. f4 f5 13. fxe5 Nxe5 14. Qb3 b6 15. Nb5 Nf3+ 16. Kg2 f4 17. Bxf4 Nxh4+ 18. Kh1 a6 19. Nc3 Nef5 20. Ne4 Nd4 21. Qd3 Rxf4 22. gxf4 Nhf3 23. Ng5 Nxg5 24. fxg5 Qxg5 25. f4 Qh5 26. Kg2 Rf8 27. Rae1 Kh8 28. Re4 Nf5 29. Bxf5 gxf5 30. Re6 Bf6 31. Qh3 Rg8+ 32. Kh2 Bh4 33. Rg1 Rg4 34. Rg2 Kg8 35. Kg1 Bf2+ 36. Kh2 Bg1+ 37. Rxg1 Qxh3+ 38. Kxh3 Rxg1 39. Re7 Rg7 40. Re8+ Kf7 41. Rc8 Kg6 0-1

[Event "Titled Tuesday intern op 16th May Early"]
[Site "Chess.com INT"]
[Date "2023.05.16"]
[Round "3"]
[White "Steinberg, Nitzan"]
[Black "Martin Fuentes, Alberto"]
[Result "1-0"]
[WhiteElo "2546"]
[BlackElo "2388"]
[PlyCount "99"]
[EventDate "2023.05.16"]
[EventType "swiss (blitz)"]
[EventRounds "11"]
[EventCountry "USA"]
[SourceTitle "CBM 214 Extra"]
[Source "ChessBase"]
[SourceDate "2023.07.31"]
[SourceVersion "1"]
[SourceVersionDate "2023.07.31"]
[SourceQuality "1"]

1. d4 Nf6 2. Nf3 c5 3. d5 b5 4. c4 bxc4 5. Nc3 d6 6. e4 g6 7. Bxc4 Bg7 8. h3 0-0 9. 0-0 Ba6 10. Nd2 Nfd7 11. Qe2 Bxc4 12. Nxc4 Nb6 13. Ne3 N8d7 14. a4 Rb8 15. a5 Na8 16. Nc4 Nc7 17. a6 Rb4 18. Na5 Nb8 19. Nc6 Nxc6 20. dxc6 Rb6 21. Nd5 Rxc6 22. Bg5 Nxd5 23. exd5 Rc7 24. Rfe1 Re8 25. Ra4 Qd7 26. Re4 Qf5 27. Qb5 Qd7 28. Rxe7 Rxe7 29. Qb8+ Rc8 30. Rxe7 Rxb8 31. Rxd7 h6 32. Be7 Be5 33. Rb7 Re8 34. b3 g5 35. Rxa7 Kg7 36. Rb7 Kg6 37. a7 Ra8 38. Bd8 c4 39. bxc4 Bd4 40. Bb6 Bxb6 41. Rxb6 Rxa7 42. Rxd6+ f6 43. c5 Ra1+ 44. Kh2 Ra2 45. c6 Rc2 46. Rd7 Kf5 47. c7 Ke5 48. d6 Ke6 49. Rd8 h5 50. c8Q+ 1-0